000 00714nam a2200217Ia 4500
001 396
003 GE_BSU
008 181216s||||||||xx |||||||||||||| ||und||
020 _a9789994098699
040 _cGE_BSU
080 _a616.899-053.2
100 _aგაგოშიძე,თამარ
245 _aბავშვის ფსიქიკური განვითარების დარღვევები
260 _aთბილისი
260 _bნეკერი
260 _c2007
300 _a334გვ.
541 _h12ლ.
653 _aბავშვის ფსიქიკური განვითარების დარღვევები
942 _cBK
999 _c34631
_d34631